00395nam a22001217a 4500003000500000022001500005082001600020100002100036245008000057260001700137300001500154505010400169NUST a8181284992 a572.802,ISA aIsaev, Alexander aIntroduction to mathematical methods in bioinformatics /cAlexander Isaev,  aSpringc2004 axiiii, 294 aPart.I Sequence analysis (Page-3), Part.II Mathematical background for sequence analysis (Page-145)